فکر تو نسو ی کی تصا نيف -ا يک جا يز ہ (Record no. 188268)

MARC details
000 -LEADER
fixed length control field 00729nam a22001937a 4500
005 - DATE AND TIME OF LATEST TRANSACTION
control field 20220513163013.0
010 ## - LCCN (DPL NO)
LC control number UR-11562
020 ## - INTERNATIONAL STANDARD BOOK NUMBER
Terms of availability 300.00
International Standard Book Number 978938724830
035 ## - SYSTEM CONTROL NUMBER
System control number U-10117
037 ## - SOURCE OF ACQUISITION
Source of stock number/acquisition DBAD/PUB
Stock number -
082 ## - DEWEY DECIMAL CLASSIFICATION NUMBER
Classification number 921.8
Edition number Ist
100 ## - MAIN ENTRY--PERSONAL NAME
Personal name رضو ا نہ بيگم
245 ## - TITLE STATEMENT
Title فکر تو نسو ی کی تصا نيف -ا يک جا يز ہ
Statement of responsibility, etc رضو ا نہ بيگم
Medium ا ر د و
246 ## - VARYING FORM OF TITLE
Remainder of title Fikr Tounsvi Ki Tasaaneef Ek Jayeza(Urdu)
Title proper/short title by Rizwana Begum
260 ## - PUBLICATION, DISTRIBUTION, ETC. (IMPRINT)
Place of publication, distribution, etc Hyderabad
Name of publisher, distributor, etc Tanveer Publishers
Date of publication, distribution, etc 2021 ء
270 ## - ADDRESS
Address Asst. Professor wa Sadar Shoeba Urdu Govt. City College,
City Hyderabad
Postal code 500023
Telephone number 8341654006
Fax number -
300 ## - PHYSICAL DESCRIPTION
Extent 160 ص
Dimensions 22 Cm(Hb)
942 ## - ADDED ENTRY ELEMENTS (KOHA)
Source of classification or shelving scheme Dewey Decimal Classification
Item type Urdu Bks
Classification part 921.8
Call number suffix ر ض و
Holdings
Withdrawn status Lost status Not for loan Collection code Home library Current library Date acquired Source of acquisition Cost, normal purchase price Full call number Barcode Copy number Cost, replacement price Koha item type
    Not For Loan Non-fiction D.B.Act.Division Central Library 13/05/2022 DBAD/PUB 300.00 921.8 ر ض و U-10117 1 300.00 Urdu Bks

© Delhi Public Library
Hit Counter
free hit counter